| 000 | 00579cam a2200205 4500 | ||
|---|---|---|---|
| 001 | D8852 | ||
| 008 | 090401t1913 xxu||||| |||| 00| 0 eng d | ||
| 035 | _a(Sirsi) u15798 | ||
| 041 | _aeng | ||
| 050 | _a347.4109 | ||
| 100 | _aSoper, John P.H | ||
| 245 | 2 | _aA treatise on the law and practice of arbitrations and awards, for surveyors, valuers, auctioneers and estate agents | |
| 250 | _a2nd Rev | ||
| 260 |
_aLondon _bEstates Gazette/Sweet & Maxwell _c1913 |
||
| 300 | _axxviii. 336p | ||
| 350 | _a0 | ||
| 700 | _aYoung, J. Dawbarn | ||
| 942 | _n0 | ||
| 948 | _c04/03/1997 | ||
| 999 |
_c87312 _d87312 |
||